书目信息 |
| 题名: |
数学分析基础浅导
|
|
| 作者: | 宾莫尔(Binmore,K.G.) 著 ;徐之信 译 | |
| 分册: | ||
| 出版信息: | 北京 北京大学出版社 1989.6 |
|
| 页数: | 429页 | |
| 开本: | 20厘米 | |
| 丛书名: | ||
| 单 册: | ||
| 中图分类: | O171 , O17 | |
| 科图分类: | ||
| 主题词: | 数学分析--基础理论 , 数学分析 | |
| 电子资源: | ||
| ISBN: | 7-301-00751-5 | |
| 000 | 01014nam0 2200301 45 | |
| 001 | 0189008476 | |
| 005 | 20040707085148.3 | |
| 010 | @a7-301-00751-5@dCNY4.95 | |
| 020 | @aCN@b89008476 | |
| 100 | @a19901121d1989 m y0chiy0120 ea | |
| 101 | 0 | @achi |
| 102 | @aCN@b110000 | |
| 105 | @ay z 000yy | |
| 106 | @ar | |
| 200 | 10 | @a数学分析基础浅导@Ashu xue fen xi ji c hu qian dao@f(美)宾莫尔(Binmore,K.G.)著@F( mei ) bin mo er (Binmore,K.G.)zhu@g徐之信译 |
| 210 | @a北京@c北京大学出版社@d1989.6 | |
| 215 | @a429页@d20厘米 | |
| 300 | @a书名原文:The foundations of analysis:A straightforward introduction | |
| 510 | 1 | @aThe foundations of analysis:A straightforward introduction@zeng |
| 540 | 1 | @a数学 分析 基础@Ashu xue fen xi ji chu |
| 606 | @a数学分析@x基础理论 | |
| 606 | 0 | @a数学分析 |
| 690 | @aO171@v1980 | |
| 690 | @aO17 | |
| 701 | 0 | @a宾莫尔(Binmore,K.G.)@Abin mo er (Binmore,K.G.)@4著 |
| 702 | 0 | @a徐之信@Axu zhi xin@4译 |
| 801 | 0 | @aCN@bNLC@c19901121 |
| 905 | @f1@b225596@dO17@e42 | |
| 数学分析基础浅导/(美)宾莫尔(Binmore,K.G.)著/徐之信译.-北京:北京大学出版社,1989.6 |
| 429页;20厘米 |
| 书名原文:The foundations of analysis:A straightforward introduction |
| ISBN 7-301-00751-5:CNY4.95 |
| ● |
| 相关链接 |
|
|
|
|
正题名:数学分析基础浅导
索取号:O17/42
 
预约/预借
| 序号 | 登录号 | 条形码 | 馆藏地/架位号 | 状态 | 备注 |
| 1 | 0225596 | 001945612 | 第三借阅区/ [索取号:O17/42] | 在馆 | |
| 2 | 0225598 | 000418505 | 第二样本阅览室/ [索取号:O17/42] | 在馆 |